000 00646nam a22002417a 4500
003 UA-OsUOA
001 93213
007 ta
008 20130116b un ||||| |||| 00| 0 ukr d
100 _aГладков Ф.
700 _aМалышкин А.
090 _a821.161.1
_bГ52
942 _cBK
040 _aUA-OsUOA
_brus
_cUA-OsUOA
_dUA-OsUOA
245 _aЦемент. Люди из захалустя
_bроман
300 _a576 с.
955 _a3
041 _arus
080 _a821.161.1
260 _aМ.
_bПравда
_c1989
650 7 _a82 Література. Літературознавство
_2UDC
999 _c379433
_d379433